000 02219cam a22005297i 4500
001 18494360
005 20221031120333.0
008 150213s2015 enka b 001 0 eng d
010 _a 2015933540
015 _aGBB521846
_2bnb
020 _a9781906165512 (pbk.)
020 _a1906165513 (pbk.)
035 _a(OCoLC)ocn908408866
040 _aEQO
_beng
_cEQO
_erda
_dOCLCO
_dZCU
_dOCLCF
_dOCLCQ
_dNDD
_dNLE
_dCDX
_dYDXCP
_dDLC
042 _alccopycat
043 _aa-ja---
050 0 0 _aHV600 2011.T64
_bJ36 2015
082 0 4 _a363.34940952090512
_bJAP
245 0 0 _aJapan copes with calamity /
_cedited by Tom Gill, Brigitte Steger, and David H. Slater.
250 _aRevised edition.
264 1 _aOxford :
_bPeter Lang,
_c2015.
264 4 _c©2015
300 _axxi, 316 pages :
_billustrations ;
_c23 cm
336 _atext
_btxt
_2rdacontent
336 _astill image
_bsti
_2rdacontent
337 _aunmediated
_bn
_2rdamedia
338 _avolume
_bnc
_2rdacarrier
504 _aIncludes bibliographical references and index.
611 2 7 _aFukushima Nuclear Disaster (Japan : 2011)
_2fast
_0(OCoLC)fst01797233
_9101909
611 2 7 _aTohoku Earthquake and Tsunami (Japan : 2011)
_2fast
_0(OCoLC)fst01765297
_9101910
648 7 _a2011
_2fast
_9101911
650 0 _aTohoku Earthquake and Tsunami, Japan, 2011
_xSocial aspects.
_9101912
650 0 _aFukushima Nuclear Disaster, Japan, 2011
_xSocial aspects.
_9101913
650 0 _aNuclear power plants
_xAccidents
_zJapan
_zFukushima-ken.
_9101914
650 7 _aNuclear power plants
_xAccidents.
_2fast
_0(OCoLC)fst01040437
_9101915
650 7 _aSocial aspects.
_2fast
_0(OCoLC)fst01354981
_9101916
651 7 _aJapan
_zFukushima-ken.
_2fast
_0(OCoLC)fst01208986
_9101917
651 7 _aJapan
_zTōhoku Region.
_2fast
_0(OCoLC)fst01240193
_9101918
700 1 _aGill, Tom,
_d1960-
_eeditor.
_9101919
700 1 _aSlater, David H.,
_d1960-
_eeditor.
_9101920
700 1 _aSteger, Brigitte,
_d1965-
_eeditor.
_9101921
906 _a7
_bcbc
_ccopycat
_d2
_encip
_f20
_gy-gencatlg
942 _2ddc
_cBK
999 _c592148
_d592148